| 000 | 00460nam a22001937a 4500 | ||
|---|---|---|---|
| 003 | OSt | ||
| 005 | 20240110112652.0 | ||
| 008 | 200123b ||||| |||| 00| 0 eng d | ||
| 020 | _a0387325174 | ||
| 040 | _c040a | ||
| 082 | _a370.115 DEW 2008 | ||
| 100 |
_aDewey, John _96461 |
||
| 245 | _aDemocracy and Education | ||
| 260 | _bKessinger Publishing, 2008 | ||
| 300 |
_a288p; _c13 cm. |
||
| 650 | _2Democracy | ||
| 650 | _2Education | ||
| 942 |
_2ddc _cO_SHELF |
||
| 999 |
_c6467 _d6467 |
||